000
00217 a2200097 4500
001
45893
100
_a
245
_a
Tennis strokes and strategies
260
_a
London
_b
Hodder & Stoughton
_c
090
_c
28997
_d
28997
942
_a
NUST-CAE
_c
M
_c
21109
999
_c
280966
_d
280966